000 00559nam a2200193Ia 4500
001 20124
003 GE_BSU
008 181216s||||||||xx |||||||||||||| ||und||
040 _cGE_BSU
245 _aВопросы философии, №1. 2017.
245 _cГл.ред.Пружинин Борис Исаевич и др.
260 _aМосква
260 _c2017
300 _a224 стр. 26см.
653 _aВопросы философии. №1. 2017.
653 _aПериодика
653 _aპერიოდიკა
942 _cCR
999 _c53086
_d53086